| 000 | 01870aam a2200349 i 4500 | ||
|---|---|---|---|
| 001 | 768714001 | ||
| 003 | CO-MdFUSB | ||
| 005 | 20260325153812.0 | ||
| 007 | ta | ||
| 008 | 241027t2003 sp ||||| |||| 00| 0 spa d | ||
| 020 | _a84-7645-013-3 | ||
| 040 |
_bspa _cCO-MdFUSB _dCO-MdFUSB |
||
| 041 | 0 | _aspa | |
| 082 | 0 | 4 |
_223 _a220.601 _bT329 |
| 100 | 1 |
_aTerry, M. S. _eautor |
|
| 245 | 3 |
_aHermenéutica _c/ M. S. Terry |
|
| 264 | 1 |
_aBarcelona, España : _bClie, _c[2003] |
|
| 264 | 4 | _c©2003 | |
| 300 |
_a376 páginas _c; 20 cm |
||
| 336 |
_2rdacontent _atexto _btxt |
||
| 337 |
_2rdamedia _asin mediación _bn |
||
| 338 |
_2rdacarrier _avolumen _bnc |
||
| 490 | _aCurso de formación ministerial | ||
| 500 | _aIncluye índice | ||
| 505 |
_tPrimera parte: _aCualidades del intérprete.-- Métodos de interpretación.-- La hermenéutica en general.-- El punto de vista histórico _tSegunda parte. _aHermenéuticas especiales.-- La poesía hebrea.-- Lenguaje figurado.-- Símiles y metáforas: el símil.-- Interpretación de parábolas.-- Interpretación de alegorías.-- Los proverbios y la poesía gnómica.-- Interpretación de tipos.-- Interpretación de símbolos.-- Acciones simbólico-típicas.-- Sueños y éxtasis proféticos.-- La profecía y su interpretación.-- Profecías mesiánicas.-- Apocalípticos del Antiguo Testamento.-- El Apocalipsis de Juan.-- Ningún doble sentido en la profecía.-- Citas bíblicas en la Biblia.-- El falso y el verdadero acomodamiento.-- Acerca de discrepancias bíblicas.-- Armonía y diversidad en los evangelios.-- Progresos y analogía de la fe.-- Empleo doctrinal y práctico de las Escrituras. |
||
| 563 | _aRústico | ||
| 650 | 7 |
_aHermenéutica bíblica _2embne _97333 |
|
| 653 | _aInterpretación de la Biblia | ||
| 653 | _aMétodos de interpretación bíblica | ||
| 942 | _cBK | ||
| 945 | _aCatherine Arias Alvarez | ||
| 999 |
_c33047 _d33047 |
||